[Event "74th Tata Steel GMB"]
[Site "Wijk aan Zee NED"]
[Date "2012.01.16"]
[Round "3"]
[White "L'Ami, Erwin"]
[Black "Vocaturo, Daniele"]
[Result "1-0"]
[WhiteTitle "GM"]
[BlackTitle "GM"]
[WhiteElo "2596"]
[BlackElo "2545"]
[WhiteFideId "1007998"]
[BlackFideId "813192"]
[EventDate "2012.01.14"]

1. Nf3 Nf6 2. c4 c5 3. g3 b6 4. Bg2 Bb7 5. O-O e6 6. Nc3 Be7 7. d4 cxd4 8. Qxd4
d6 9. Rd1 a6 10. Bg5 Nbd7 11. Qd2 O-O 12. Bf4 Ne8 13. Rac1 Rc8 14. b3 Qc7 15.
Qe3 Ndf6 16. h3 Nh5 17. Bg5 Bxg5 18. Nxg5 Bxg2 19. Kxg2 Nhf6 20. Nge4 Nxe4 21.
Nxe4 h6 22. Rc3 f5 23. Nd2 Rf6 24. Nf3 Qb7 25. b4 g5 26. Kh2 a5 27. bxa5 bxa5
28. c5 dxc5 29. Rxc5 Rxc5 30. Qxc5 Qc7 31. Rc1 Rf7 32. Qe3 Qd6 33. Rc8 Rf8 34.
Qe5 Qxe5 35. Nxe5 Nd6 36. Rc6 Rd8 37. Kg2 Nf7 38. Rxe6 Rd2 39. Kf3 Rxa2 40. Nxf7
Kxf7 41. Rxh6 Rb2 42. Ra6 Rb5 43. e3 Kg7 44. h4 gxh4 45. gxh4 Rc5 46. Kf4 Rc4+
47. Kxf5 Rxh4 48. Ra7+ Kf8 49. f4 Rh5+ 50. Kf6 Rh6+ 51. Ke5 1-0

[Event "74th Tata Steel GMB"]
[Site "Wijk aan Zee NED"]
[Date "2012.01.16"]
[Round "3"]
[White "Lahno, Kateryna"]
[Black "Reinderman, Dimitri"]
[Result "1/2-1/2"]
[WhiteTitle "GM"]
[BlackTitle "GM"]
[WhiteElo "2557"]
[BlackElo "2581"]
[WhiteFideId "14109336"]
[BlackFideId "1001302"]
[EventDate "2012.01.14"]

1. Nf3 d6 2. d4 Bg4 3. e4 Nf6 4. Nc3 e6 5. h3 Bh5 6. g4 Bg6 7. Qe2 c6 8. g5 Nfd7
9. Nh4 d5 10. exd5 cxd5 11. Nxg6 hxg6 12. Nxd5 Nc6 13. c3 Qa5 14. Qb5 Qxb5 15.
Nc7+ Kd8 16. Nxb5 a6 17. Na3 Bxa3 18. bxa3 Rc8 19. Rb1 Na5 20. Bd2 Ke7 21. a4
Rc6 22. Bd3 Rb6 23. Ke2 Rc8 24. h4 Kd6 25. Bf4+ Ke7 26. Rhc1 Nc4 27. Be4 e5 28.
dxe5 Nc5 29. Rxb6 Nxb6 30. Bxb7 Nxb7 31. Rb1 Nxa4 32. Rxb7+ Ke6 33. Bd2 Nxc3+
34. Bxc3 Rxc3 35. Rb6+ Kxe5 36. Rxa6 Rc4 37. Ra7 Ke6 38. Ra6+ Ke5 39. Ra7 Ke6
40. Ra6+ 1/2-1/2

[Event "74th Tata Steel GMB"]
[Site "Wijk aan Zee NED"]
[Date "2012.01.16"]
[Round "3"]
[White "Cmilyte, Viktorija"]
[Black "Ernst, Sipke"]
[Result "1-0"]
[WhiteTitle "GM"]
[BlackTitle "GM"]
[WhiteElo "2503"]
[BlackElo "2606"]
[WhiteFideId "12801259"]
[BlackFideId "1004689"]
[EventDate "2012.01.14"]

1. d4 d5 2. c4 c6 3. Nc3 dxc4 4. e4 b5 5. a4 b4 6. Na2 Nf6 7. e5 Nd5 8. Bxc4 e6
9. Nf3 Ba6 10. Bxa6 Nxa6 11. O-O Qb6 12. Bd2 Be7 13. Nc1 c5 14. Qe2 Rc8 15. Qb5+
Rc6 16. Nb3 O-O 17. Rfc1 Rfc8 18. Na5 R6c7 19. Nc4 Qc6 20. b3 Rb8 21. Qxc6 Rxc6
22. Rc2 Rd8 23. Rac1 Rc7 24. Kf1 f6 25. Na5 Rdc8 26. Ke2 Kf7 27. Nc4 Rd8 28. g3
Ke8 29. dxc5 Bxc5 30. exf6 gxf6 31. Ne3 Bxe3 32. fxe3 Rxc2 33. Rxc2 Kd7 34. e4
Ne7 35. Nd4 Rg8 36. Nb5 Nc6 37. Be3 Na5 38. Rd2+ Ke7 39. Nxa7 h5 40. Rd3 e5 41.
Kf3 Ke6 42. Nb5 Nb7 43. Rd1 Rc8 44. h4 Rc2 45. g4 hxg4+ 46. Kxg4 Rg2+ 47. Kf3
Rh2 48. Bf2 Nac5 49. Nc7+ Kf7 50. Kg3 Rxf2 51. Kxf2 Nxe4+ 52. Kf3 Nec5 53. Kg4
Na5 54. Rd5 Ncxb3 55. h5 Kg7 56. Rd7+ Kh6 57. Nd5 Nc4 58. Nxf6 Ne3+ 59. Kf3 Nc4
60. Kg4 Ne3+ 61. Kf3 Nc4 62. Rh7+ Kg5 63. Ne4+ Kh4 64. h6 Nd4+ 65. Kf2 b3 66.
Rb7 1-0

[Event "74th Tata Steel GMC"]
[Site "Wijk aan Zee NED"]
[Date "2012.01.16"]
[Round "3"]
[White "Brandenburg, Daan"]
[Black "Grover, Sahaj"]
[Result "1/2-1/2"]
[WhiteTitle "GM"]
[BlackTitle "IM"]
[WhiteElo "2527"]
[BlackElo "2532"]
[WhiteFideId "1011014"]
[BlackFideId "5021103"]
[EventDate "2012.01.14"]

1. e4 e6 2. d4 d5 3. Nd2 c5 4. Ngf3 Nc6 5. exd5 exd5 6. Bb5 Bd6 7. dxc5 Bxc5 8.
O-O Ne7 9. Nb3 Bb6 10. Re1 O-O 11. Be3 Bxe3 12. Rxe3 Bg4 13. h3 Bh5 14. Be2 Qb6
15. Nfd4 Bxe2 16. Rxe2 Rfe8 17. c3 Rad8 18. Qd2 Nxd4 19. Nxd4 Nc6 20. Rae1 Rxe2
21. Nxe2 h6 22. Rd1 Qa5 23. b3 b5 24. Qc2 Qb6 25. Rd3 b4 26. Qd2 bxc3 27. Nxc3
d4 28. Ne2 Kh8 29. Qf4 Qb5 30. Rd2 Qd5 31. Nc3 Qe6 32. Ne4 Rd5 33. Ng3 Re5 34.
Kh2 Kh7 35. Qf3 Qd5 36. Qf4 f6 37. Ne2 Re4 38. Qg3 Qa5 39. Qd3 f5 40. Ng3 Ne5
41. Qc2 d3 42. Qd1 Rf4 43. Qe1 Qd5 44. Qe3 Rh4 45. f3 Kg6 46. Qxa7 Rd4 47. Qc7
h5 48. Nf1 f4 49. Rd1 Nd7 50. Nd2 Nf6 51. h4 Kh6 52. a4 Qe6 53. Rc1 Qe2 54. Rc4
Nd5 55. Qd6+ Kh7 56. Rc6 Qe8 57. Rc4 Rxc4 58. Nxc4 Qe1 59. Qxd5 Qg3+ 60. Kg1 1/2-1/2